00690nam a2200181Ia 4500003000500000005001700005008004100022020001500063050002600078100004200104245017200146260004900318300002400367500005100391650003500442650001700477650001400494SISC20160822131817.0140321s9999 xx 000 0 und d a9710412327 aHB 171.5b.Au938 2012 aAustralia de Jesus, Maria Bernadette. aEconCART :beconomics with cooperatives, agrarian reform, and taxation /cMaria Bernadette Austria de Jesus, Donna Teresita Malate Rios and Rishirl Ababadilla Alberto. aMandaluyong City :bBooks Atpb. Pub.,c2012. a238 pages :c23 cm. aIncludes bibliographical references and index. aEconomicsxStudy and teaching. aLand reform. aTaxation.